zpět

Detail výsledku týmu

U Pošty - Vinohrady ČT, Praha

Datum a čas kvízu

26 Celkem bodů Celkový počet nahraných bodů na tomto kvízu bez doplňovacích otázek.
10. Pořadí na kvízu Konečné umístění týmu na tomto kvízu.

Zaznamenané odpovědi

# Otázka Odpověď Body Výsledky
1. Minulý týden navštívil naši re... Uctění památky československých parašutistů. 1
2. Na sociálních sítích v těchto... Přejít pyramidu z přepravek. 1
3. V Dubaji byl v úterý spuštěn p... vyhlídkové kolo 0
4. Společnost Škoda Auto ve čtvrt... verze kombi 1
5. Hokejistům Plzně vypomůže v úv... Dominik Furch 0
6. Toto téma nelze začít jinak, n... Alexander Hemala 0
7. Mezi nejznámější kutily patří... Pat 0
8. Hlavní postavu kutila Tima ze... Tim Allen 1
9. Americký televizní kutilský po... Vanilla Ice 0
10. Do kategorie kutilů můžeme poč... z kuřecích kůžiček 1